000 00937nam a22002057a 4500
003 OSt
005 20260507113441.0
008 260507b |||||||| |||| 00| 0 eng d
020 _a9789719823063
040 _cHS LRC
050 _aGT 3405
_b.P538 2024
100 _aReantaso-Bernabe, Cynthia
_9131731
245 _aProfessional event management :
_ba guide to meetings, incentives, conventions,exhibitions, and events /
_cCynthia Reantaso-Bernabe, Tinette S. Capistrano, Anton V. Magpantay, Maria Montserrat Iturralde-Hamlin, Joel B. Pascual, Dexter Deyto, Jing S. Lagandaon, Orlando A. Ballesteros, Sonia R. Sayaman, Jose Luis U. Yulo Jr., Thelma Dumpit-Murillo, Adelia Faner-Majaba, Marisa D. Nallana
260 _aQuezon City :
_bC&E Publishing,
_cc2024.
300 _axiii, 225 p. :
_bcol. ill. ;
_c26 cm.
365 _b498.00
504 _aincludes index.
650 _aSpecial events
_xManagement.
_9129967
942 _2lcc
_cBK
999 _c94127
_d94127